000 00564nam a2200169 a 4500
001 000031826
005 20200930063218.0
008 110706s1945 dr ac 000 0 spa d
040 _aDO-SdBNP
_bspa
_cBNPHU
082 _axxx
_bR627
100 1 _aRizik H., Nicolas
_958039
245 1 0 _aTrujillo y la estadística /
_cNicolas Rizik H.
260 _aCiudad Trujillo, República Dominicana :
_bEditora Montalvo,
_c1945.
300 _a133 p. :
_bil., retrs. ;
_c22 cm.
590 _aPerteneció a la biblioteca personal de Juan Isidro Jimenes Grullón.
049 _aBNPD
999 _c31318
_d31318